000 02125nam a2200289 a 4500
001 000048412
003 DO-SdBNP
005 20251027110546.0
008 190312s2018 dr 000 0 spa d
020 _a9789945472967
040 _aDO-SdBNP
_bspa
_cBNPHU
082 _a972.901
245 0 0 _aDe la desaparición a la permanencia :
_bindígenas e indios en la reinvención del Caribe /
_ccompiladores Roberto Valcárcel Rojas, Jorge Ulloa Hung,.
260 _aSanto Domingo :
_bFundación García Arévalo,
_bInstituto Tecnológico de Santo Domingo,
_c2018.
300 _a429 p. :
_bil., retrs. ;
_c23 cm.
490 1 _aLos indígenas Más allá de Colón
500 _aIncluye referencias bibliográficas y notas al pie de las páginas
505 _aProtagonismo y persistencias -- Cuba colonial. Indios locales y de la diáspora 43 -- Supervivencia e impronta de indios y sus descendientes en el Santiago de Cuba colonial (siglo XVI al XIX) 83 -- Indios de La Habana: mestizaje y transculturación 121 -- Categorías y destinos coloniales -- Centros indígenas de conexión en las islas occidentales de Sotavento (1493-1631) 145 -- Las muertes del indio 175 -- Investigaciones sobre el encuentro y el mundo colonial -- Sobrevivencia indígena en el Puerto Rico colonial: una reevaluación de su legado 201 -- Arqueología y patrimonio de los Kalínago en las islas de San Vicente y Granada 227 -- Arqueología en Managuaco. Presencia de indios en una hacienda colonial cubana 247 -- Cultura y legado -- Conciencia e intencionalidad: el gens indocubano de los Rojas-Ramírez 281 -- La irrupción del estilo criollo. Influencias hispánicas en la alfarería taína 331 -- Legado indígena. Cerámica y artesanía en la República Dominicana 369.
590 _aInventariado, 2019/VM
650 4 _aIndígena del caribe
_975818
650 4 _aArqueología indígiena
_zCaribe (Región)
_975819
651 0 _aCaribe (Región)
_xHistoria
_987401
700 1 _aValcárcel Rojas, Roberto
_eed.
_975820
700 1 _aUlloa Hung, Jorge
_eed.
_972231
830 0 _aLos indígenas Más allá de Colón
_975821
942 _2ddc
_cLBS1
999 _c47900
_d47900